00366nam a2200169Ia 4500008004000000020001800040041000800058082001700066100001700083245002700100260001900127300001100146650001100157650001000168650001000178650000800188210210b2011 xxu||||| |||| 00| 0 eng d a9788190821346 aeng a341.481 TIWC aTIWARI (R K) aChild and human rights aDelhib-c2011 aiv,299 arights ahuman aChild aand